[Event "Tata Steel Challengers 2019"]
[Site "Wijk aan Zee NED"]
[Date "2019.01.12"]
[Round "1"]
[White "Maghsoodloo, Parham"]
[Black "Korobov, Anton"]
[Result "0-1"]
[WhiteElo "2679"]
[BlackElo "2699"]
[PlyCount "76"]
[EventDate "2019.01.12"]

1. e4 c5 2. Nf3 d6 3. d4 cxd4 4. Nxd4 Nf6 5. Nc3 a6 6. Be3 e5 7. Nb3 Be6 8. f3
h5 9. Nd5 Nxd5 10. exd5 Bf5 11. Bd3 Bxd3 12. Qxd3 Nd7 13. O-O Be7 14. Qd2 O-O
15. Na5 Qc8 16. c4 Bd8 17. Rac1 Re8 18. Kh1 e4 19. Nb3 exf3 20. gxf3 Ne5 21. c5
Qh3 22. Qd1 Ng6 23. Qd2 Rc8 24. Bg1 Nh4 25. Qf2 Bg5 26. Rc4 Nf5 27. Qg2 Ng3+
28. Qxg3 Qxf1 29. Rc2 Bf6 30. Rf2 Qb5 31. cxd6 Rcd8 32. Rd2 h4 33. Qf4 Re1 34.
Rg2 h3 35. Rg4 Be5 36. Qg5 Rxd6 37. Nd2 Qe2 38. Qf5 Qxh2# 0-1

[Event "Tata Steel Challengers 2019"]
[Site "Wijk aan Zee NED"]
[Date "2019.01.12"]
[Round "1"]
[White "Paehtz, Elisabeth"]
[Black "Keymer, Vincent"]
[Result "1/2-1/2"]
[WhiteElo "2477"]
[BlackElo "2500"]
[PlyCount "84"]
[EventDate "2019.01.12"]

1. e4 c5 2. Nf3 d6 3. d4 cxd4 4. Nxd4 Nf6 5. Nc3 a6 6. Be3 e5 7. Nb3 Be6 8. f3
h5 9. Qd2 Nbd7 10. O-O-O Be7 11. Kb1 b5 12. a3 Rc8 13. h4 Nb6 14. Bg5 Qc7 15.
Bxf6 gxf6 16. Nd5 Bxd5 17. exd5 Nc4 18. Qf2 f5 19. g3 Bf6 20. c3 a5 21. Bd3 a4
22. Na1 f4 23. gxf4 exf4 24. Bxc4 bxc4 25. Nc2 Rg8 26. Nb4 Qc5 27. Qc2 Kf8 28.
Qf5 Rg2 29. Rhf1 Kg7 30. Qxf4 Re8 31. Rd2 Rxd2 32. Qxd2 Qe3 33. Qh2 Qe5 34.
Qg2+ Kh6 35. Qd2+ Qe3 36. Qh2 Be5 37. Qc2 Qf4 38. Qxa4 Rg8 39. Qc2 Qxh4 40. a4
Qh3 41. Qc1+ Kh7 42. f4 Bf6 1/2-1/2

[Event "Tata Steel Challengers 2019"]
[Site "Wijk aan Zee NED"]
[Date "2019.01.12"]
[Round "1"]
[White "Kuipers, Stefan"]
[Black "L'Ami, Erwin"]
[Result "0-1"]
[WhiteElo "2470"]
[BlackElo "2643"]
[PlyCount "80"]
[EventDate "2019.01.12"]

1. e4 c5 2. Nf3 d6 3. d4 cxd4 4. Nxd4 Nf6 5. Nc3 Nc6 6. Bg5 e6 7. Qd3 a6 8.
O-O-O Bd7 9. Be2 Rc8 10. Nxc6 Bxc6 11. Rhe1 Be7 12. f4 O-O 13. Bf3 Qc7 14. Kb1
Rfd8 15. Qe3 h6 16. h4 d5 17. exd5 hxg5 18. dxc6 gxf4 19. Rxd8+ Bxd8 20. Qd3
bxc6 21. Qxa6 Nd5 22. Ne4 Rb8 23. c3 Bxh4 24. Rh1 Be7 25. Kc1 g6 26. Bd1 Kg7
27. Qd3 Qb6 28. Bb3 Qe3+ 29. Kc2 Qxd3+ 30. Kxd3 f5 31. Nd2 e5 32. Nc4 e4+ 33.
Ke2 Bc5 34. Ne5 Ne3 35. Nd7 Rb5 36. Nxc5 Rxc5 37. g3 g5 38. gxf4 gxf4 39. a4
Ng4 40. Ra1 f3+ 0-1

[Event "Tata Steel Challengers 2019"]
[Site "Wijk aan Zee NED"]
[Date "2019.01.12"]
[Round "1"]
[White "Esipenko, Andrey"]
[Black "Kovalev, Vladislav"]
[Result "1/2-1/2"]
[WhiteElo "2584"]
[BlackElo "2687"]
[PlyCount "56"]
[EventDate "2019.01.12"]

1. d4 Nf6 2. Nf3 g6 3. g3 Bg7 4. Bg2 O-O 5. O-O d6 6. b3 e5 7. dxe5 dxe5 8. Ba3
Qxd1 9. Rxd1 Re8 10. c4 c6 11. Nc3 Na6 12. Rac1 Bh6 13. e3 Bf8 14. Bxf8 Kxf8
15. Rd6 Ke7 16. Rd2 Kf8 17. h3 h6 18. Rd6 Kg7 19. g4 Nc5 20. b4 Nce4 21. Nxe4
Nxe4 22. Rd3 Nxf2 23. Kxf2 e4 24. Rd4 exf3 25. Bxf3 a6 26. a4 Be6 27. c5 Re7
28. Rb1 Rae8 1/2-1/2

[Event "Tata Steel Challengers 2019"]
[Site "Wijk aan Zee NED"]
[Date "2019.01.12"]
[Round "1"]
[White "Praggnanandhaa, R."]
[Black "Bareev, Evgeny"]
[Result "0-1"]
[WhiteElo "2539"]
[BlackElo "2650"]
[PlyCount "102"]
[EventDate "2019.01.12"]

1. e4 e6 2. d4 d5 3. Nc3 Bb4 4. exd5 exd5 5. Bd3 c6 6. Nf3 Bg4 7. a3 Bd6 8. h3
Bh5 9. g4 Bg6 10. Bg5 Ne7 11. Bxg6 hxg6 12. Qe2 f6 13. Bd2 Nd7 14. O-O-O Nb6
15. Rde1 Qd7 16. Qd3 O-O-O 17. Ne2 g5 18. Ba5 Rde8 19. Bxb6 axb6 20. Ng3 g6 21.
Kb1 Kb8 22. a4 Rh7 23. h4 Qxg4 24. hxg5 Rxh1 25. Rxh1 fxg5 26. Rh7 Qe6 27. Qb3
g4 28. Ne5 Bxe5 29. dxe5 Nc8 30. Qb4 Qxe5 31. Qxg4 Qe1+ 32. Ka2 Qxf2 33. Qxg6
Qf8 34. Nf5 Ka8 35. c3 Ne7 36. Nxe7 Rxe7 37. Rh4 Re2 38. Rb4 Ka7 39. Qg4 Qe7
40. Qg1 c5 41. Rb5 Qe4 42. Ka3 Re1 43. Ra5+ bxa5 44. Qxc5+ Kb8 45. Qd6+ Kc8 46.
Qc5+ Kd7 47. Qb5+ Ke6 48. Qe8+ Kf5 49. Qh5+ Kf6 50. Qh6+ Ke7 51. Qg7+ Kd6 0-1

[Event "Tata Steel Challengers 2019"]
[Site "Wijk aan Zee NED"]
[Date "2019.01.12"]
[Round "1"]
[White "Chigaev, Maksim"]
[Black "Saduakassova, Dinara"]
[Result "1-0"]
[WhiteElo "2604"]
[BlackElo "2472"]
[PlyCount "113"]
[EventDate "2019.01.12"]

1. e4 e5 2. Bc4 Nf6 3. d3 Nc6 4. Nf3 Bc5 5. Bb3 O-O 6. O-O h6 7. h3 d6 8. c3 a5
9. a4 Be6 10. Nbd2 Qb8 11. Nh4 Nh7 12. Nf5 Qd8 13. Ng3 Qh4 14. Nf5 Qd8 15. Ne3
Nf6 16. Qf3 Ne7 17. Ndc4 Ng6 18. Bc2 Nh4 19. Qd1 Bxe3 20. Nxe3 d5 21. f3 c5 22.
Qe1 Ng6 23. c4 d4 24. Nf5 Nh5 25. g3 Qc7 26. Bd1 Nf6 27. h4 Kh7 28. Qd2 Ng8 29.
Qh2 N6e7 30. g4 Ng6 31. Ng3 N8e7 32. Nh5 f6 33. b3 Ng8 34. Ra2 N6e7 35. f4 exf4
36. Nxf4 Qd7 37. g5 f5 38. Bf3 Kh8 39. Rg2 fxe4 40. Bxe4 Bf5 41. Bf3 Ra6 42.
Qg3 Ng6 43. Nxg6+ Bxg6 44. gxh6 Rf7 45. hxg7+ Rxg7 46. Bg4 Qe8 47. Bf4 Re7 48.
h5 Bh7 49. Bd6 Re3 50. Bf3 Qf7 51. Bxc5 Rxd3 52. Bd5 Qxf1+ 53. Kxf1 Rf6+ 54.
Ke1 Rxg3 55. Rxg3 Rf4 56. Bxb7 Nf6 57. Rf3 1-0

[Event "Tata Steel Challengers 2019"]
[Site "Wijk aan Zee NED"]
[Date "2019.01.12"]
[Round "1"]
[White "Van Foreest, Lucas"]
[Black "Gledura, Benjamin"]
[Result "1/2-1/2"]
[WhiteElo "2502"]
[BlackElo "2615"]
[PlyCount "81"]
[EventDate "2019.01.12"]

1. e4 c5 2. Nf3 Nc6 3. Bb5 g6 4. Bxc6 dxc6 5. d3 Bg7 6. h3 e5 7. a4 Qe7 8. O-O
Nf6 9. Be3 O-O 10. Qd2 b6 11. Bh6 Nh5 12. Nc3 f6 13. Nh2 Bxh6 14. Qxh6 Nf4 15.
Rae1 Qg7 16. Qxg7+ Kxg7 17. Ne2 Nxe2+ 18. Rxe2 Be6 19. f4 exf4 20. Rxf4 Rad8
21. b3 b5 22. Rf1 bxa4 23. bxa4 c4 24. Re3 a5 25. Nf3 c5 26. Ra1 Rf7 27. dxc4
Rb7 28. e5 Bxc4 29. exf6+ Kxf6 30. Ne5 Bg8 31. Rf1+ Kg7 32. Rc3 c4 33. Nxc4 Rc7
34. Rd3 Rxd3 35. cxd3 Bxc4 36. Rc1 Kf6 37. dxc4 Ke5 38. Rb1 Kd4 39. Rb5 Rc5 40.
h4 Kxc4 41. Rb7 1/2-1/2

[Event "Tata Steel Challengers 2019"]
[Site "Wijk aan Zee NED"]
[Date "2019.01.13"]
[Round "2"]
[White "Kovalev, Vladislav"]
[Black "Praggnanandhaa, R."]
[Result "1/2-1/2"]
[WhiteElo "2687"]
[BlackElo "2539"]
[PlyCount "128"]
[EventDate "2019.01.12"]

1. e4 c5 2. Nf3 Nc6 3. Bb5 g6 4. Bxc6 bxc6 5. d4 cxd4 6. Qxd4 f6 7. O-O d6 8.
c4 c5 9. Qd3 Bg7 10. Nc3 Nh6 11. Nh4 Rb8 12. b3 O-O 13. Re1 Nf7 14. f4 f5 15.
exf5 gxf5 16. Bb2 e6 17. Nf3 Re8 18. Re3 Bb7 19. Rae1 Be4 20. Qd2 d5 21. Na4 d4
22. Rxe4 fxe4 23. Rxe4 e5 24. Nxc5 Qc8 25. Nd3 Qf5 26. Qe2 Nd6 27. Rxe5 Bxe5
28. fxe5 Qe4 29. Kf2 a5 30. Nxd4 Qxe2+ 31. Nxe2 Nf5 32. Nef4 Rec8 33. g4 Ne7
34. Ba3 Rb7 35. Nc5 Rbc7 36. Nfe6 Rc6 37. Ke3 h6 38. Kd4 Ng6 39. Kd5 Kf7 40.
Nd8+ Rxd8+ 41. Kxc6 Nxe5+ 42. Kb5 Nxg4 43. Nb7 Rd2 44. h3 Nf2 45. Bc1 Rxa2 46.
Bxh6 Nxh3 47. Nxa5 Nf2 48. b4 Nd3 49. Nc6 Ke8 50. Be3 Kd7 51. Bb6 Nf4 52. Ba5
Kc8 53. Ne7+ Kd7 54. Nc6 Kc8 55. c5 Nd5 56. Ne5 Rh2 57. Kc6 Ne7+ 58. Kd6 Nf5+
59. Kd5 Rh6 60. Nf7 Rf6 61. Ne5 Ne7+ 62. Kc4 Rf5 63. Nd3 Nc6 64. Bb6 Rh5
1/2-1/2

[Event "Tata Steel Challengers 2019"]
[Site "Wijk aan Zee NED"]
[Date "2019.01.13"]
[Round "2"]
[White "Bareev, Evgeny"]
[Black "Chigaev, Maksim"]
[Result "1/2-1/2"]
[WhiteElo "2650"]
[BlackElo "2604"]
[PlyCount "96"]
[EventDate "2019.01.12"]

1. d4 Nf6 2. Bg5 g6 3. Bxf6 exf6 4. e3 d5 5. c4 dxc4 6. Bxc4 Bd6 7. Nf3 Qe7 8.
O-O O-O 9. Nbd2 Nd7 10. Re1 c6 11. Rc1 Rd8 12. h3 Nb6 13. Bb3 Kg7 14. e4 Bf4
15. Rc3 Bd7 16. a3 Rac8 17. Qc2 Qf8 18. Ba2 f5 19. Ne5 c5 20. Ndf3 cxd4 21.
Rxc8 Rxc8 22. Qd3 Qc5 23. Nxd7 Nxd7 24. exf5 Ne5 25. f6+ Kh6 26. Qe4 Nxf3+ 27.
Qxf3 Qe5 28. Rd1 Qxf6 29. Qxb7 Rb8 30. Qxa7 Rxb2 31. Qxf7 Qxf7 32. Bxf7 Bd6 33.
a4 d3 34. Bc4 Bc5 35. Rxd3 Rxf2 36. Kh2 Rf4 37. Bb5 Rd4 38. Rc3 Bd6+ 39. Kg1
Rd2 40. Kf1 Ra2 41. Bc6 Kg5 42. Rd3 Be5 43. Ke1 Kf6 44. Kd1 h5 45. Kc1 g5 46.
Rb3 Ke7 47. Kb1 Ra1+ 48. Kc2 Kd6 1/2-1/2

[Event "Tata Steel Challengers 2019"]
[Site "Wijk aan Zee NED"]
[Date "2019.01.13"]
[Round "2"]
[White "Maghsoodloo, Parham"]
[Black "Paehtz, Elisabeth"]
[Result "1-0"]
[WhiteElo "2679"]
[BlackElo "2477"]
[PlyCount "111"]
[EventDate "2019.01.12"]

1. Nf3 Nf6 2. g3 d5 3. Bg2 c6 4. O-O Bg4 5. h3 Bh5 6. d3 Nbd7 7. Qe1 e5 8. e4
dxe4 9. dxe4 Bc5 10. a4 a5 11. Nbd2 O-O 12. Nc4 Qc7 13. Bd2 b6 14. Nh4 Rfe8 15.
Kh2 Qa7 16. f3 Bf8 17. Bc3 Qc7 18. b3 Rac8 19. Rf2 Nd5 20. Bb2 Nb4 21. Bf1 Nc5
22. Rd1 f6 23. Bc1 Rcd8 24. Rxd8 Rxd8 25. Be3 Bf7 26. Rd2 g6 27. Qd1 Rxd2+ 28.
Qxd2 Be7 29. Ng2 Be6 30. Ne1 Nba6 31. Nb2 Nb8 32. Bc4 Bxc4 33. Nxc4 Nbd7 34.
Kg2 Kg7 35. h4 Ne6 36. Nd3 Kf7 37. h5 Bd8 38. Nf2 Be7 39. Ng4 Bb4 40. Qd3 Bf8
41. Nxb6 Ndc5 42. Bxc5 Nxc5 43. Qc4+ Ne6 44. hxg6+ hxg6 45. Qa6 f5 46. Nf2 Bb4
47. Nc4 Kf6 48. Qa8 Nd8 49. g4 Bc3 50. exf5 gxf5 51. Ne3 Bd4 52. Nxf5 Bxf2 53.
Kxf2 e4 54. Nd4 Qb6 55. c3 c5 56. g5+ 1-0

[Event "Tata Steel Challengers 2019"]
[Site "Wijk aan Zee NED"]
[Date "2019.01.13"]
[Round "2"]
[White "Keymer, Vincent"]
[Black "Kuipers, Stefan"]
[Result "1-0"]
[WhiteElo "2500"]
[BlackElo "2470"]
[PlyCount "67"]
[EventDate "2019.01.12"]

1. d4 d5 2. c4 c6 3. Nf3 Nf6 4. e3 Bf5 5. Nc3 e6 6. Nh4 Be4 7. f3 Bg6 8. Qb3
Qc7 9. Bd2 Be7 10. cxd5 cxd5 11. O-O-O Nc6 12. Nxg6 hxg6 13. Kb1 a6 14. Rc1 Kf8
15. Na4 Nd7 16. Ba5 Qb8 17. Be1 Bd6 18. Bf2 Na5 19. Qc3 Qd8 20. e4 dxe4 21.
fxe4 b5 22. e5 Be7 23. Nc5 Nxc5 24. dxc5 Nc6 25. Bd3 Qc7 26. Be4 Rd8 27. Rhf1
Kg8 28. Rfd1 Rxd1 29. Rxd1 b4 30. Qc4 Nxe5 31. Qxb4 Kh7 32. Qb7 Rc8 33. c6 f5
34. Bb6 1-0

[Event "Tata Steel Challengers 2019"]
[Site "Wijk aan Zee NED"]
[Date "2019.01.13"]
[Round "2"]
[White "Saduakassova, Dinara"]
[Black "Van Foreest, Lucas"]
[Result "1/2-1/2"]
[WhiteElo "2472"]
[BlackElo "2502"]
[PlyCount "106"]
[EventDate "2019.01.12"]

1. d4 Nf6 2. c4 e6 3. Nc3 Bb4 4. Qc2 O-O 5. Nf3 d5 6. cxd5 exd5 7. Bg5 h6 8.
Bh4 c5 9. dxc5 g5 10. Bg3 Ne4 11. e3 Nd7 12. Bd6 Qa5 13. Bd3 Nxc3 14. O-O Re8
15. bxc3 Bxc5 16. Bg3 Nf6 17. Rab1 b6 18. Be5 Ng4 19. Bd4 Bxd4 20. exd4 Be6 21.
Qd2 Rac8 22. Rbc1 Kf8 23. h4 f6 24. Bg6 Re7 25. Rfe1 Qa3 26. Qc2 Kg7 27. Bh5
Qd6 28. Qg6+ Kf8 29. Bxg4 Bxg4 30. Qxh6+ Kg8 31. Rxe7 Qxe7 32. Re1 Qg7 33.
Qxg7+ Kxg7 34. Nh2 Bf5 35. hxg5 fxg5 36. Re5 Kf6 37. Re3 Rc4 38. Nf1 Ra4 39.
Re2 Bd3 40. Rb2 Bc4 41. Ne3 Bxa2 42. Kf1 Bc4+ 43. Ke1 Ke6 44. Kd2 Ra5 45. Nc2
Kf5 46. Ke3 Kg4 47. Nb4 Ra1 48. Nc6 Kh4 49. Ne5 Re1+ 50. Kd2 Re2+ 51. Kc1 Re1+
52. Kd2 Re2+ 53. Kc1 Re1+ 1/2-1/2

[Event "Tata Steel Challengers 2019"]
[Site "Wijk aan Zee NED"]
[Date "2019.01.13"]
[Round "2"]
[White "Korobov, Anton"]
[Black "Gledura, Benjamin"]
[Result "1/2-1/2"]
[WhiteElo "2699"]
[BlackElo "2615"]
[PlyCount "67"]
[EventDate "2019.01.12"]

1. d4 Nf6 2. c4 g6 3. Nc3 d5 4. cxd5 Nxd5 5. Bd2 Bg7 6. e4 Nxc3 7. Bxc3 O-O 8.
Qd2 Nc6 9. d5 Ne5 10. f4 Ng4 11. Nf3 Bxc3 12. bxc3 e6 13. c4 exd5 14. cxd5 Nf6
15. Bd3 Qe7 16. O-O Nxe4 17. Bxe4 Qxe4 18. Rfe1 Qf5 19. Rac1 Qf6 20. Qd4 Qxd4+
21. Nxd4 c6 22. dxc6 bxc6 23. Nxc6 Be6 24. a4 Kg7 25. Nd4 Bd5 26. Rc7 Rfc8 27.
Rd7 Rd8 28. Ree7 a6 29. g4 Rac8 30. Kf2 Rxd7 31. Rxd7 Bc6 32. Rd6 Bxa4 33. Rxa6
Bd7 34. h3 1/2-1/2

[Event "Tata Steel Challengers 2019"]
[Site "Wijk aan Zee NED"]
[Date "2019.01.13"]
[Round "2"]
[White "L'Ami, Erwin"]
[Black "Esipenko, Andrey"]
[Result "1/2-1/2"]
[WhiteElo "2643"]
[BlackElo "2584"]
[PlyCount "103"]
[EventDate "2019.01.12"]

1. e4 e5 2. Nf3 Nc6 3. Bb5 a6 4. Ba4 Nf6 5. O-O Be7 6. Re1 b5 7. Bb3 O-O 8. d3
d6 9. a3 Bg4 10. Be3 d5 11. h3 Bxf3 12. Qxf3 dxe4 13. dxe4 Nd4 14. Bxd4 Qxd4
15. Nc3 c6 16. Red1 Qb6 17. a4 Rad8 18. axb5 axb5 19. Qf5 Qc7 20. Ne2 g6 21.
Qf3 Rxd1+ 22. Rxd1 Kg7 23. Ng3 Bc5 24. c3 Qe7 25. Qe2 Bb6 26. Rd2 Ra8 27. Nf1
Ra1 28. g3 h5 29. Kg2 h4 30. Rd3 Ra7 31. Rf3 Qd8 32. Rd3 Qe7 33. Rf3 Rd7 34.
Rd3 Rxd3 35. Qxd3 Nd7 36. Qf3 Nc5 37. Bc2 hxg3 38. fxg3 Qe6 39. Ne3 Qa2 40. Nd1
b4 41. cxb4 Qc4 42. Ne3 Qxb4 43. Ng4 Qd2+ 44. Qf2 Qd6 45. Qe3 Nd7 46. Qh6+ Kg8
47. Bb3 Nc5 48. Bc4 Nxe4 49. Nxe5 Qxe5 50. Qxg6+ Kh8 51. Qh6+ Kg8 52. Qg6+
1/2-1/2

[Event "Tata Steel Masters 2019"]
[Site "Wijk aan Zee NED"]
[Date "2019.01.12"]
[Round "1"]
[White "Ding, Liren"]
[Black "Carlsen, Magnus"]
[Result "1/2-1/2"]
[WhiteElo "2813"]
[BlackElo "2835"]
[PlyCount "63"]
[EventDate "2019.01.12"]

1. Nf3 Nf6 2. g3 b5 3. d4 e6 4. Bg5 c5 5. d5 Qa5+ 6. Bd2 Qb6 7. dxe6 fxe6 8. a4
b4 9. a5 Qd8 10. Bg2 Nc6 11. Ne5 Nxe5 12. Bxa8 d5 13. a6 Bd7 14. Bb7 Bd6 15.
Bg5 Nf7 16. Bxf6 Qxf6 17. Nd2 O-O 18. O-O Qxb2 19. e4 Qd4 20. exd5 e5 21. Nb3
Qe4 22. Qd3 Qg4 23. f3 Qh5 24. Nd2 Ng5 25. Bc6 Bh3 26. Bb5 Bxf1 27. Rxf1 Rxf3
28. Nxf3 e4 29. Qe3 Nxf3+ 30. Rxf3 Qxf3 31. Qxf3 exf3 32. Kf2 1/2-1/2

[Event "Tata Steel Masters 2019"]
[Site "Wijk aan Zee NED"]
[Date "2019.01.12"]
[Round "1"]
[White "Giri, Anish"]
[Black "Nepomniachtchi, Ian"]
[Result "0-1"]
[WhiteElo "2783"]
[BlackElo "2763"]
[PlyCount "52"]
[EventDate "2019.01.12"]

1. e4 d6 2. d4 Nf6 3. Nc3 g6 4. Be3 a6 5. Qd2 b5 6. f3 Nbd7 7. O-O-O Nb6 8. g4
Bb7 9. Nh3 Nfd7 10. Be2 e6 11. Bg5 Be7 12. Qe3 Bxg5 13. Nxg5 h6 14. Nh3 Qh4 15.
Nf2 O-O-O 16. f4 f5 17. Bf3 b4 18. exf5 bxc3 19. fxe6 cxb2+ 20. Kb1 Nf6 21.
Bxb7+ Kxb7 22. Qf3+ d5 23. Nd3 Ne4 24. Nc5+ Ka7 25. Qa3 Nxc5 26. Qxc5 Kb7 0-1

[Event "Tata Steel Masters 2019"]
[Site "Wijk aan Zee NED"]
[Date "2019.01.12"]
[Round "1"]
[White "Fedoseev, Vladimir3"]
[Black "Rapport, Richard"]
[Result "1/2-1/2"]
[WhiteElo "2724"]
[BlackElo "2731"]
[PlyCount "77"]
[EventDate "2019.01.12"]

1. d4 Nf6 2. Nf3 e6 3. c4 b6 4. a3 Bb7 5. Nc3 Ne4 6. Nxe4 Bxe4 7. Nd2 Bb7 8. e4
g6 9. Bd3 Bg7 10. Nf3 O-O 11. O-O d6 12. Rb1 Nd7 13. Bg5 Qc8 14. Re1 Re8 15.
Qd2 c5 16. d5 exd5 17. exd5 Qc7 18. Kh1 Ba6 19. b3 Nf6 20. h3 Rxe1+ 21. Rxe1
Re8 22. Rxe8+ Nxe8 23. g4 Qd7 24. Kg2 Nc7 25. a4 Bc8 26. Qe3 Ne8 27. Kf1 Bf6
28. Bf5 gxf5 29. Bxf6 fxg4 30. hxg4 Nxf6 31. Qg5+ Kf8 32. Qxf6 Qxg4 33. Qxd6+
Kg7 34. Qe5+ f6 35. Qe7+ Kg6 36. Qe8+ Kg7 37. Qe7+ Kg6 38. Qe8+ Kg7 39. Qe7+
1/2-1/2

[Event "Tata Steel Masters 2019"]
[Site "Wijk aan Zee NED"]
[Date "2019.01.12"]
[Round "1"]
[White "Vidit, Santosh Gujrathi"]
[Black "Duda, Jan-Krzysztof"]
[Result "1/2-1/2"]
[WhiteElo "2695"]
[BlackElo "2738"]
[PlyCount "156"]
[EventDate "2019.01.12"]

1. Nf3 d5 2. d4 Nf6 3. c4 e6 4. Nc3 dxc4 5. e4 Bb4 6. Bg5 b5 7. a4 c5 8. axb5
cxd4 9. Nxd4 h6 10. Bxf6 Qxf6 11. Bxc4 O-O 12. O-O Bb7 13. Qa4 a5 14. bxa6 Nxa6
15. Nde2 Bd6 16. Bxa6 Bxa6 17. Qc2 Rfd8 18. Rfd1 Bd3 19. Qd2 Rxa1 20. Rxa1 Bc5
21. Qf4 Qxf4 22. Nxf4 Bc2 23. Re1 g5 24. Nh5 Rd4 25. Ng3 Rb4 26. Rc1 Rxb2 27.
Nd1 Rb1 28. Rxc2 Rxd1+ 29. Nf1 Bd6 30. g3 Re1 31. f3 h5 32. Kf2 Ra1 33. Nd2 Be5
34. Nb3 Rd1 35. Rd2 Rb1 36. Nc5 Bc3 37. Rd8+ Kg7 38. Nd3 Ra1 39. Rd7 Ra2+ 40.
Kg1 Ra1+ 41. Kg2 Ra2+ 42. Kh1 g4 43. fxg4 hxg4 44. h3 Ra1+ 45. Kg2 Ra2+ 46. Kh1
gxh3 47. Nf4 Kf6 48. Nxh3 Re2 49. Rd3 Be5 50. Kg1 Rxe4 51. Rf3+ Kg6 52. Rxf7
Bxg3 53. Rf3 Be5 54. Kf1 Rh4 55. Ke2 Bf6 56. Nf4+ Kf7 57. Rf1 Rh6 58. Kd3 Be5
59. Ke4 Bd6 60. Nd5+ Ke8 61. Nf6+ Kd8 62. Rd1 Rh4+ 63. Kf3 Ke7 64. Ng8+ Kd7 65.
Nf6+ Kc6 66. Rc1+ Kb5 67. Ne4 Ba3 68. Rc8 e5 69. Nc3+ Kb4 70. Nd5+ Kb3 71. Rc3+
Ka2 72. Re3 Bb2 73. Re4 Rh6 74. Nb4+ Kb3 75. Nd3 Rf6+ 76. Kg4 Kc2 77. Nxb2 Rf4+
78. Rxf4 exf4 1/2-1/2

[Event "Tata Steel Masters 2019"]
[Site "Wijk aan Zee NED"]
[Date "2019.01.12"]
[Round "1"]
[White "Shankland, Samuel"]
[Black "Mamedyarov, Shakhriyar"]
[Result "1/2-1/2"]
[WhiteElo "2725"]
[BlackElo "2817"]
[PlyCount "108"]
[EventDate "2019.01.12"]

1. e4 e5 2. Nf3 Nf6 3. Nxe5 d6 4. Nf3 Nxe4 5. Bd3 Nf6 6. O-O Be7 7. c3 O-O 8.
Bc2 c5 9. d4 Be6 10. Re1 Re8 11. Bg5 Nbd7 12. Nbd2 Qb6 13. dxc5 dxc5 14. Bb3
Nf8 15. Bxe6 Nxe6 16. Qb3 Qxb3 17. axb3 Nxg5 18. Nxg5 a6 19. g3 Rad8 20. Nc4 h6
21. Nf3 Kf8 22. Kf1 Bd6 23. Na5 Rb8 24. Rxe8+ Kxe8 25. Re1+ Kf8 26. Rd1 Ke7 27.
Ne1 Bc7 28. Nc4 b5 29. Ne3 g6 30. Nd3 Bd6 31. Ra1 Rb6 32. c4 b4 33. Ke2 Ke6 34.
Ra5 Rc6 35. Nd5 Nd7 36. f4 f5 37. Kf3 Nf6 38. Ra1 Nxd5 39. Re1+ Ne3 40. Rxe3+
Kd7 41. g4 fxg4+ 42. Kxg4 Rc8 43. Rh3 Rh8 44. Kf3 Ke6 45. Ke4 Kf6 46. Ne5 Re8
47. Rf3 Bb8 48. h4 a5 49. Rf1 h5 50. Rf3 Bc7 51. Rf1 Rd8 52. Nf3 Re8+ 53. Ne5
Rd8 54. Nf3 Re8+ 1/2-1/2

[Event "Tata Steel Masters 2019"]
[Site "Wijk aan Zee NED"]
[Date "2019.01.12"]
[Round "1"]
[White "Radjabov, Teimour"]
[Black "Kramnik, Vladimir"]
[Result "1/2-1/2"]
[WhiteElo "2757"]
[BlackElo "2777"]
[PlyCount "85"]
[EventDate "2019.01.12"]

1. e4 e5 2. Nf3 Nc6 3. Bc4 Bc5 4. O-O Nf6 5. d3 d6 6. c3 a6 7. a4 O-O 8. Re1
Ba7 9. h3 h6 10. Nbd2 Re8 11. b4 Be6 12. Bxe6 Rxe6 13. Bb2 Ne7 14. c4 Ng6 15.
Nf1 b5 16. axb5 axb5 17. Ng3 bxc4 18. dxc4 Re8 19. Qc2 Qb8 20. Reb1 Qb7 21. c5
dxc5 22. bxc5 Qc6 23. Rc1 Nd7 24. Ra5 Reb8 25. Ba3 Nf4 26. Nf5 Re8 27. g3 Ne6
28. Kg2 Nf6 29. Re1 Nd7 30. Rc1 Kh7 31. Qc4 Bxc5 32. Rxc5 Ndxc5 33. Bxc5 Ra4
34. Qd5 Qa8 35. Qd7 Kg8 36. Nxe5 Ng5 37. Nc6 Raxe4 38. Nfe7+ Kh7 39. Ra1 Ra4
40. Rxa4 Qxa4 41. Qxe8 Qe4+ 42. Kf1 Qb1+ 43. Kg2 1/2-1/2

[Event "Tata Steel Masters 2019"]
[Site "Wijk aan Zee NED"]
[Date "2019.01.13"]
[Round "2"]
[White "Kramnik, Vladimir"]
[Black "Giri, Anish"]
[Result "0-1"]
[WhiteElo "2777"]
[BlackElo "2783"]
[PlyCount "84"]
[EventDate "2019.01.12"]

1. c4 e5 2. Nc3 Nf6 3. Nf3 Nc6 4. d3 d5 5. cxd5 Nxd5 6. e4 Nxc3 7. bxc3 Bc5 8.
Be2 O-O 9. O-O Bb6 10. a4 Re8 11. Qc2 Qf6 12. Kh1 h6 13. Ng1 Qd6 14. f4 Bxg1
15. Rxg1 exf4 16. d4 Ne7 17. Ba3 Qd8 18. Raf1 Ng6 19. e5 b6 20. Bf3 Ba6 21. Rf2
c5 22. g3 fxg3 23. Rxg3 cxd4 24. cxd4 Rc8 25. Qf5 Bc4 26. Bd6 Be6 27. Qb1 Nf4
28. d5 Nxd5 29. Qg1 Kh8 30. Rd2 Nf4 31. Rd4 Ng6 32. Be4 Rc4 33. Rxc4 Bxc4 34.
Qd4 Be6 35. Bc6 Ne7 36. Be4 Nf5 37. Bxf5 Bxf5 38. Kg1 Be6 39. h4 Qd7 40. Qe4
Rc8 41. h5 Rc1+ 42. Kh2 Qd8 0-1

[Event "Tata Steel Masters 2019"]
[Site "Wijk aan Zee NED"]
[Date "2019.01.13"]
[Round "2"]
[White "Mamedyarov, Shakhriyar"]
[Black "Radjabov, Teimour"]
[Result "1/2-1/2"]
[WhiteElo "2817"]
[BlackElo "2757"]
[PlyCount "64"]
[EventDate "2019.01.12"]

1. d4 Nf6 2. c4 g6 3. Nf3 Bg7 4. g3 O-O 5. Bg2 d5 6. cxd5 Nxd5 7. O-O Nb6 8.
Nc3 Nc6 9. e3 e5 10. d5 Na5 11. b3 e4 12. Nd4 Nxd5 13. Nxe4 b6 14. b4 Nxb4 15.
Ba3 c5 16. Nxc5 bxc5 17. Bxa8 Ba6 18. Bg2 Bxf1 19. Bxf1 Nb7 20. Bxb4 Bxd4 21.
exd4 cxb4 22. Rb1 Qa5 23. Qd2 b3 24. Qxa5 Nxa5 25. axb3 Rd8 26. b4 Nc6 27. b5
Nxd4 28. Ra1 Rd7 29. Kg2 Rb7 30. Ra2 Nxb5 31. Bxb5 Rxb5 32. Rxa7 Kg7 1/2-1/2

[Event "Tata Steel Masters 2019"]
[Site "Wijk aan Zee NED"]
[Date "2019.01.13"]
[Round "2"]
[White "Rapport, Richard"]
[Black "Shankland, Samuel"]
[Result "1/2-1/2"]
[WhiteElo "2731"]
[BlackElo "2725"]
[PlyCount "188"]
[EventDate "2019.01.12"]

1. Nf3 d5 2. g3 g6 3. Bg2 Bg7 4. O-O e5 5. d3 Nc6 6. e4 dxe4 7. dxe4 Qxd1 8.
Rxd1 Bg4 9. c3 Nf6 10. h3 Bd7 11. Re1 O-O-O 12. Na3 Ne8 13. c4 Bf8 14. Nc2 Be6
15. b3 Nb4 16. Nxb4 Bxb4 17. Rf1 f6 18. Be3 Ng7 19. c5 Rd3 20. Ne1 Rd7 21. c6
bxc6 22. Bxa7 Kb7 23. Be3 Ra8 24. Nf3 Bf7 25. Rfc1 Ne6 26. Bf1 Nd4 27. Kg2 c5
28. Bc4 Ba3 29. Rd1 Bxc4 30. bxc4 Kc6 31. Nh2 Rd6 32. Bh6 Kd7 33. Ng4 Ke6 34.
Rab1 Bb4 35. Ne3 c6 36. a3 Rxa3 37. Ra1 Nb3 38. Rxa3 Bxa3 39. Rxd6+ Kxd6 40.
Nc2 Bb2 41. Kf1 g5 42. Bf8+ Ke6 43. Ke2 Bd4 44. Ne1 Na5 45. Nd3 Nb7 46. f4 gxf4
47. gxf4 Kf7 48. Bh6 Nd6 49. fxe5 fxe5 50. Be3 Nxc4 51. Bf2 Ke7 52. Nxc5 Bxf2
53. Kxf2 Nb6 54. Kf3 Nd7 55. Nb7 c5 56. Ke3 Kf6 57. Nd6 Kg5 58. Kf3 Nb6 59.
Nf7+ Kf6 60. Nh6 Nd7 61. Nf5 Kg5 62. Nd6 Nb6 63. Nf7+ Kf6 64. Nh6 Ke6 65. Nf5
c4 66. Ke2 Kd7 67. Nh6 Kc6 68. Nf7 Nd7 69. Kd2 Kc5 70. Kc3 Nf6 71. Nxe5 Nxe4+
72. Kc2 Kd4 73. Nd7 Ke3 74. Nf8 h5 75. Ng6 Kf2 76. h4 Kg3 77. Kb2 Kg4 78. Kc2
Nd6 79. Kc3 Nf5 80. Ne5+ Kxh4 81. Kxc4 Kg3 82. Ng6 Kf3 83. Kd3 Ne7 84. Ne5+ Kg2
85. Nf7 h4 86. Ng5 Ng8 87. Ke3 Kg3 88. Ne4+ Kg2 89. Ng5 Kg3 90. Ne4+ Kh2 91.
Kf2 Nh6 92. Ng5 Ng4+ 93. Kf3 Ne5+ 94. Ke4 Kg2 1/2-1/2

[Event "Tata Steel Masters 2019"]
[Site "Wijk aan Zee NED"]
[Date "2019.01.13"]
[Round "2"]
[White "Anand, Viswanathan"]
[Black "Fedoseev, Vladimir3"]
[Result "1/2-1/2"]
[WhiteElo "2773"]
[BlackElo "2724"]
[PlyCount "68"]
[EventDate "2019.01.12"]

1. e4 e5 2. Nf3 Nf6 3. Nxe5 d6 4. Nf3 Nxe4 5. d4 d5 6. Bd3 Bd6 7. O-O O-O 8. c4
c6 9. Re1 Bf5 10. Qb3 Qd7 11. Nc3 Nxc3 12. Bxf5 Qxf5 13. Qxb7 Qd7 14. Qxd7 Nxd7
15. c5 Bxh2+ 16. Nxh2 Ne4 17. Bf4 Rfc8 18. f3 Nef6 19. Re3 Nf8 20. Rd1 Ne6 21.
Be5 Nd7 22. Bd6 Nf6 23. Nf1 g6 24. Ng3 Ne8 25. Be5 a5 26. Ne2 a4 27. Ra3 f6 28.
Bg3 N8c7 29. Bxc7 Nxc7 30. Nc3 Rcb8 31. Rxa4 Rxb2 32. Rxa8+ Nxa8 33. Rb1 Rxb1+
34. Nxb1 Nc7 1/2-1/2